00428nam a2200169Ia 4500008004100000020001800041245002400059245005800083260001500141260001600156260000900172300001500181300002500196300001000221500000800231999001900239170705s9999 xx 000 0 und d a9780439690034 2aA kwanzaa miracle / cSharon Shavers Gayle ; illustrated by Frank Norfleet. aNew York : bScholastic, c1996 a32 pages : bcolor illustration ; c21cm. a700 c336175d336175